[Event "IIFL Wealth  4th Mumbai Junior U-13"]
[Site "Mumbai"]
[Date "2019.01.07"]
[Round "9"]
[White "Athalye Varad"]
[Black "Savitha Shri B"]
[Result "0-1"]
[WhiteElo "1442"]
[BlackElo "1894"]
[Annotator "NA RC"]
[PlyCount "82"]
[EventDate "2018.12.30"]
[EventType "swiss"]
[EventCountry "IND"]
[SourceTitle "playchess.com"]
[Source "ChessBase"]
[SourceQuality "1"]
[TimeControl "40/5400+30:1800+30"]

1. e4 {[%emt 0:00:00]} c5 {[%emt 0:00:00]} 2. Nf3 {[%emt 0:00:12]} Nc6 {[%emt 0:00:00]} 3. d4 {[%emt 0:00:10]} cxd4 {[%emt 0:00:00]} 4. Nxd4 {[%emt 0:00:03]} e6 {[%emt 0:00:00]} 5. c4 {[%emt 0:01:42]} Nf6 {[%emt 0:00:37]} 6. Nc3 {[%emt 0:00:50]} Bb4 {[%emt 0:03:46]} 7. Nxc6 {[%emt 0:01:15]} bxc6 {[%emt 0:00:02]} 8. Qc2 {[%emt 0:00:16]} Qc7 {[%emt 0:03:59] B44: Sicilian: Taimanov: 5 Nb5} (8... e5 9. Bd3 Be7 10. O-O d6 11. b3 O-O 12. Bb2 Be6 13. Na4 Qc7 14. Rae1 Nd7 15. Be2 Rad8 16. Bf3 Nb6 17. Nc3 Nd7 18. Na4 Nb6 19. Nc3 Nd7 {½-½ (19) Galic,I (2416)-Sebenik,M (2570) Biograd 2018}) 9. Bd2 $146 {[%emt 0:00:32]} ({Predecessor:} 9. Bd3 O-O 10. O-O Ng4 11. g3 Ne5 12. a3 Nxd3 13. Qxd3 Be7 14. Bf4 e5 15. Be3 d6 16. f4 {½-½ (37) Krueger,G (2034)-Straub,P (2096) Berlin 2015}) 9... a5 {[%emt 0:01:13]} 10. Be2 {[%emt 0:01:47]} O-O {[%emt 0:03:16]} 11. O-O {[%emt 0:01:22]} d5 {[%emt 0:02:10]} 12. exd5 {[%emt 0:03:11]} exd5 {[%emt 0:01:35]} 13. Bg5 {[%emt 0:01:17]} Bxc3 {[%emt 0:00:40]} 14. Qxc3 {[%emt 0:05:47]} Ne4 {[%emt 0:00:13]} 15. Qc1 {[%emt 0:00:28]} Ba6 {[%emt 0:09:49]} 16. Re1 {[%emt 0:05:16]} Qb6 {[%emt 0:08:18]} 17. Be3 {[%emt 0:09:11]} Qd8 {[%emt 0:12:43]} 18. cxd5 {[%emt 0:01:32]} Bxe2 {[%emt 0:00:36]} 19. Rxe2 {[%emt 0:00:32]} cxd5 {[%emt 0:00:06]} 20. f3 {[%emt 0:00:54]} Rc8 {[%emt 0:11:07]} 21. Qd1 {[%emt 0:01:25]} Nf6 {[%emt 0:00:22]} 22. Rd2 {[%emt 0:01:02]} Re8 {[%emt 0:09:40]} 23. Bg5 {[%emt 0:04:13]} h6 {[%emt 0:01:55]} 24. Bxf6 {[%emt 0:01:44]} Qxf6 {[%emt 0:00:24]} 25. b3 {[%emt 0:00:50]} Rcd8 {[%emt 0:00:48]} 26. Rd4 {[%emt 0:01:33]} Re3 {[%emt 0:02:28]} 27. Qd2 {[%emt 0:02:23] [#]} Rde8 {[%emt 0:00:33]} (27... Re2 $1 $19 {[%cal Re2d2][%mdl 512]} 28. Qc3 (28. Qxe2 Qxd4+) 28... Rde8) 28. Rd1 {[%emt 0:05:40]} Re2 {[%emt 0:01:16]} 29. Qc1 {[%emt 0:10:55]} Qg6 {[%emt 0:03:17]} 30. Rg4 {[%emt 0:01:02]} Qb6+ {[%emt 0:00:06]} 31. Rgd4 {[%emt 0:03:23]} Rxa2 {[%emt 0:05:49]} 32. Kh1 {[%emt 0:02:09]} Ree2 {[%emt 0:11:59]} 33. Qc8+ {[%emt 0:02:20]} Kh7 {[%emt 0:00:02]} 34. Qg4 {[%emt 0:00:02]} Qe6 {[%emt 0:01:16]} 35. Qg3 {[%emt 0:00:49]} Rab2 {[%emt 0:03:24]} ({Don't take} 35... Rxg2 36. Qxg2 Rxg2 37. Kxg2 $17) 36. Rxd5 $2 {[%emt 0:00:37] [#]} (36. h3) 36... Qxd5 $19 {[%emt 0:00:40] Double Attack} 37. Rg1 {[%emt 0:00:25]} Qg5 {[%emt 0:00:05]} 38. Qd6 {[%emt 0:00:18]} Rxg2 {[%emt 0:00:17]} 39. Qd3+ {[%emt 0:00:04]} g6 {[%emt 0:00:08]} 40. Qxg6+ {[%emt 0:00:00]} Qxg6 {[%emt 0:00:00]} 41. b4 {[%emt 0:00:18]} Rxh2# {[%emt 0:00:15]} 0-1

[Event "IIFL Wealth  4th Mumbai Junior U-13"]
[Site "Mumbai"]
[Date "2019.01.07"]
[Round "9"]
[White "Arjun Kumar S"]
[Black "Haldankar Dhruv"]
[Result "1/2-1/2"]
[WhiteElo "1428"]
[BlackElo "1245"]
[Annotator "NA RC"]
[PlyCount "85"]
[EventDate "2018.12.30"]
[EventType "swiss"]
[EventCountry "IND"]
[SourceTitle "playchess.com"]
[Source "ChessBase"]
[SourceQuality "1"]
[TimeControl "40/5400+30:1800+30"]

1. e4 {[%emt 0:07:40]} e5 {[%emt 0:00:04]} 2. Nf3 {[%emt 0:00:06]} Nc6 {[%emt 0:00:15]} 3. d4 {[%emt 0:00:04]} exd4 {[%emt 0:00:08]} 4. Bc4 {[%emt 0:00:06]} Bc5 {[%emt 0:00:07]} 5. Ng5 {[%emt 0:01:18]} Nh6 {[%emt 0:02:15]} 6. Qh5 {[%emt 0:01:00]} Qe7 {[%emt 0:07:20]} 7. Nxf7 Bb4+ {[%emt 0:07:15]} 8. c3 {[%emt 0:05:06]} Nxf7 {[%emt 0:00:09]} 9. cxb4 {[%emt 0:01:04]} Qxb4+ {[%emt 0:10:05]} 10. Nd2 {[%emt 0:01:24]} Nce5 {[%emt 0:08:20]} 11. Bxf7+ {[%emt 0:00:19]} Nxf7 {[%emt 0:00:07]} 12. a3 {[%emt 0:01:00]} Qe7 {[%emt 0:02:20]} 13. O-O {[%emt 0:00:32]} O-O {[%emt 0:08:41]} 14. b4 {[%emt 0:06:31]} d6 {[%emt 0:07:54]} 15. Bb2 c5 16. Rac1 {[%emt 0:04:30]} b6 {[%emt 0:02:01]} 17. f4 {[%emt 0:00:07]} Ba6 {[%emt 0:03:22]} 18. Rfe1 {[%emt 0:01:21]} Qf6 {[%emt 0:05:43]} 19. g3 {[%emt 0:07:59]} Rfe8 {[%emt 0:08:34]} 20. e5 {[%emt 0:06:54]} dxe5 {[%emt 0:01:17]} 21. Ne4 {[%emt 0:00:06]} Qg6 {[%emt 0:04:46]} 22. Qxg6 {[%emt 0:00:14]} hxg6 {[%emt 0:00:02]} 23. bxc5 {[%emt 0:00:45]} exf4 {[%emt 0:00:06]} 24. Bxd4 {[%emt 0:02:56]} fxg3 {[%emt 0:00:47]} 25. hxg3 {[%emt 0:00:05]} Rad8 {[%emt 0:03:09]} 26. cxb6 {[%emt 0:01:17]} axb6 {[%emt 0:11:58]} 27. Bxb6 {[%emt 0:01:21]} Ra8 {[%emt 0:00:03]} 28. Bc5 {[%emt 0:01:40]} Ne5 {[%emt 0:01:05]} 29. Ng5 {[%emt 0:01:21]} Nd3 {[%emt 0:02:22]} 30. Rxe8+ {[%emt 0:00:11]} Rxe8 {[%emt 0:00:01]} 31. Rc3 {[%emt 0:00:14]} Re5 {[%emt 0:00:04]} 32. Bd4 {[%emt 0:03:44]} Rxg5 {[%emt 0:00:06]} 33. Rc7 {[%emt 0:00:02]} Ne5 {[%emt 0:00:49]} 34. Kf2 {[%emt 0:00:46]} Nf7 {[%emt 0:00:45]} 35. Ra7 {[%emt 0:01:13]} Ra5 {[%emt 0:01:32]} 36. Ra8+ {[%emt 0:00:08]} Kh7 {[%emt 0:00:28]} 37. Ra7 {[%emt 0:00:07]} Kg8 {[%emt 0:01:37]} 38. Ra8+ {[%emt 0:00:07]} Kh7 {[%emt 0:00:01]} 39. Ra7 {[%emt 0:00:08]} Kg8 {[%emt 0:01:08]} 40. Ra8+ {[%emt 0:00:39]} Kh7 {[%emt 0:00:11]} 41. Ra7 {[%emt 0:30:35]} Kg8 {[%emt 0:00:15]} 42. Ra8+ {[%emt 0:00:00]} Kh7 {[%emt 0:00:04]} 43. Ra7 {[%emt 0:00:00]} 1/2-1/2

[Event "IIFL Wealth  4th Mumbai Junior U-13"]
[Site "Mumbai"]
[Date "2019.01.07"]
[Round "9"]
[White "Abhyuday Santhosh"]
[Black "Ananya Parikh"]
[Result "1-0"]
[WhiteElo "1409"]
[BlackElo "1235"]
[Annotator "NA RC"]
[PlyCount "127"]
[EventDate "2018.12.30"]
[EventType "swiss"]
[EventCountry "IND"]
[SourceTitle "playchess.com"]
[Source "ChessBase"]
[SourceQuality "1"]
[TimeControl "40/5400+30:1800+30"]

1. d4 {[%emt 0:04:55]} Nf6 {[%emt 0:00:46]} 2. c4 {[%emt 0:00:19]} e6 {[%emt 0:00:27]} 3. Nc3 {[%emt 0:00:05]} d5 {[%emt 0:00:23]} 4. cxd5 {[%emt 0:00:08]} exd5 {[%emt 0:00:08]} 5. Bg5 {[%emt 0:00:07]} c6 {[%emt 0:01:14]} 6. Qc2 {[%emt 0:00:36]} Be7 {[%emt 0:01:36]} 7. e3 {[%emt 0:00:59]} Nbd7 {[%emt 0:00:33]} 8. Bd3 {[%emt 0:00:15]} h6 {[%emt 0:01:12]} 9. Bh4 {[%emt 0:00:31]} Nh5 {[%emt 0:02:26]} 10. Bxe7 {[%emt 0:00:17]} Qxe7 {[%emt 0:00:08]} 11. O-O-O {[%emt 0:00:26]} Nhf6 {[%emt 0:08:58]} 12. Nf3 {[%emt 0:00:46]} Nb6 {[%emt 0:03:26]} 13. Kb1 {[%emt 0:00:39]} Be6 {[%emt 0:03:17]} 14. h3 {[%emt 0:00:44]} O-O-O {[%emt 0:06:44]} 15. Na4 {[%emt 0:02:07]} Nxa4 {[%emt 0:04:08]} 16. Qxa4 {[%emt 0:00:13]} Kb8 {[%emt 0:04:29]} 17. Ne5 {[%emt 0:00:52]} Nd7 {[%emt 0:07:35]} 18. Nf3 {[%emt 0:01:44]} Nb6 {[%emt 0:03:10]} 19. Qb3 {[%emt 0:00:05]} f6 {[%emt 0:01:53]} 20. Nd2 {[%emt 0:00:17]} Qd7 {[%emt 0:03:07]} 21. Qc2 {[%emt 0:01:15]} Rhe8 {[%emt 0:06:11]} 22. Nb3 {[%emt 0:02:23]} Na4 {[%emt 0:04:59]} 23. Rc1 {[%emt 0:02:05]} Rc8 {[%emt 0:03:37]} 24. g4 {[%emt 0:01:04]} Rf8 {[%emt 0:03:24]} 25. Qd2 {[%emt 0:00:33]} Nb6 {[%emt 0:08:07]} 26. Nc5 {[%emt 0:01:20]} Qd6 {[%emt 0:03:26]} 27. Nxe6 {[%emt 0:01:00]} Qxe6 {[%emt 0:03:37]} 28. Bf5 {[%emt 0:00:08]} Qe7 {[%emt 0:02:15]} 29. Bxc8 {[%emt 0:00:10]} Rxc8 {[%emt 0:02:02]} 30. Qd3 {[%emt 0:00:36]} Nc4 {[%emt 0:01:14]} 31. Rc3 {[%emt 0:00:31]} Ka8 {[%emt 0:01:53]} 32. Rhc1 {[%emt 0:01:53]} Qb4 {[%emt 0:02:18]} 33. Qe2 {[%emt 0:00:42]} a5 {[%emt 0:02:35]} 34. h4 {[%emt 0:12:56]} Qb5 {[%emt 0:00:58]} 35. R1c2 {[%emt 0:03:11]} a4 {[%emt 0:00:57]} 36. Rxc4 {[%emt 0:00:48]} dxc4 {[%emt 0:00:06]} 37. Rxc4 {[%emt 0:00:06]} Kb8 {[%emt 0:01:49]} 38. Qc2 {[%emt 0:01:32]} a3 {[%emt 0:00:52]} 39. Qb3 {[%emt 0:00:48]} Qxb3 {[%emt 0:00:53]} 40. axb3 {[%emt 0:00:00]} axb2 {[%emt 0:00:00]} 41. Kxb2 {[%emt 0:00:24]} Re8 {[%emt 0:02:46]} 42. Rc3 {[%emt 0:01:02]} h5 {[%emt 0:02:18]} 43. gxh5 {[%emt 0:01:09]} Re4 44. f4 {[%emt 0:00:22]} Kc7 {[%emt 0:07:52]} 45. Kc2 {[%emt 0:01:08]} b6 {[%emt 0:07:29]} 46. Kd3 {[%emt 0:00:15]} Re8 {[%emt 0:00:21]} 47. Rc2 {[%emt 0:00:08]} Kb7 {[%emt 0:01:51]} 48. Rg2 {[%emt 0:00:12]} Re7 {[%emt 0:03:15]} 49. h6 {[%emt 0:00:00]} gxh6 {[%emt 0:00:19]} 50. Rg6 {[%emt 0:00:00]} f5 {[%emt 0:01:28]} 51. Rxh6 {[%emt 0:00:00]} Rd7 {[%emt 0:00:29]} 52. Rf6 {[%emt 0:00:05]} Rh7 {[%emt 0:00:27]} 53. Rxf5 {[%emt 0:00:06]} Rxh4 {[%emt 0:00:07]} 54. Rf7+ {[%emt 0:00:07]} Kc8 {[%emt 0:01:01]} 55. f5 {[%emt 0:00:04]} c5 {[%emt 0:01:09]} 56. f6 {[%emt 0:00:25]} cxd4 {[%emt 0:00:19]} 57. exd4 {[%emt 0:00:21]} Rh3+ {[%emt 0:01:02]} 58. Kc4 {[%emt 0:00:04]} b5+ {[%emt 0:01:00]} 59. Kb4 {[%emt 0:00:12]} Rh4 {[%emt 0:01:24]} 60. Kc5 {[%emt 0:00:26]} Kd8 {[%emt 0:00:44]} 61. Rb7 {[%emt 0:00:32]} Rf4 {[%emt 0:01:08]} 62. f7 {[%emt 0:00:08]} Kc8 {[%emt 0:01:05]} 63. Re7 {[%emt 0:00:09]} Kd8 {[%emt 0:00:55]} 64. Re8+ {[%emt 0:00:16]} 1-0

[Event "IIFL Wealth  4th Mumbai Junior U-13"]
[Site "Mumbai"]
[Date "2019.01.07"]
[Round "9"]
[White "Daakshin Arun"]
[Black "Riddhika Kotia"]
[Result "1-0"]
[WhiteElo "1400"]
[BlackElo "1213"]
[Annotator "NA RC"]
[PlyCount "113"]
[EventDate "2018.12.30"]
[EventType "swiss"]
[EventCountry "IND"]
[SourceTitle "playchess.com"]
[Source "ChessBase"]
[SourceQuality "1"]
[TimeControl "40/5400+30:1800+30"]

1. d4 {[%emt 0:00:00]} d5 {[%emt 0:02:06]} 2. c4 e6 {[%emt 0:00:03]} 3. Nc3 {[%emt 0:00:00]} Nf6 {[%emt 0:00:34]} 4. Bg5 {[%emt 0:00:00]} Nbd7 {[%emt 0:00:55]} 5. Nf3 {[%emt 0:00:06]} c6 {[%emt 0:00:14]} 6. e3 {[%emt 0:00:05]} Qa5 {[%emt 0:01:00]} 7. Bh4 {[%emt 0:00:06]} Bb4 {[%emt 0:01:56]} 8. Qb3 {[%emt 0:00:40]} O-O {[%emt 0:05:31]} 9. a3 {[%emt 0:00:57]} Ne4 {[%emt 0:04:35]} 10. Qxb4 {[%emt 0:00:49]} Qxb4 {[%emt 0:01:22]} 11. axb4 {[%emt 0:00:03]} Nxc3 {[%emt 0:06:04]} 12. bxc3 {[%emt 0:00:05]} Re8 {[%emt 0:02:14]} 13. cxd5 {[%emt 0:00:09]} exd5 {[%emt 0:00:20]} 14. Bd3 {[%emt 0:00:27]} h6 {[%emt 0:05:59]} 15. Bf5 {[%emt 0:00:35]} Nb6 {[%emt 0:02:36]} 16. Bxc8 {[%emt 0:00:07]} Nxc8 {[%emt 0:00:58]} 17. O-O {[%emt 0:00:30]} Nd6 {[%emt 0:00:46]} 18. Bg3 {[%emt 0:00:33]} Ne4 {[%emt 0:00:48]} 19. Rfc1 {[%emt 0:00:12]} Nxg3 {[%emt 0:02:29]} 20. hxg3 {[%emt 0:00:04]} a6 {[%emt 0:01:53]} 21. Ne5 {[%emt 0:00:14]} f6 {[%emt 0:00:42]} 22. Nd3 {[%emt 0:00:04]} Kf7 {[%emt 0:20:02]} 23. Nc5 {[%emt 0:00:04]} Rab8 {[%emt 0:00:48]} 24. Nd7 {[%emt 0:00:28]} Rbd8 {[%emt 0:00:24]} 25. Nc5 {[%emt 0:00:08]} Re7 {[%emt 0:00:31]} 26. Kf1 {[%emt 0:00:06]} g5 {[%emt 0:00:38]} 27. Ke2 {[%emt 0:00:50]} b6 {[%emt 0:02:18]} 28. Nxa6 {[%emt 0:00:15]} Ra8 {[%emt 0:02:02]} 29. b5 {[%emt 0:00:04]} Rea7 {[%emt 0:02:30]} 30. Rab1 {[%emt 0:00:11]} cxb5 {[%emt 0:00:58]} 31. Nb4 {[%emt 0:00:06]} Ke6 {[%emt 0:09:44]} 32. Rh1 {[%emt 0:00:46]} Rh7 {[%emt 0:00:49]} 33. Ra1 {[%emt 0:00:20]} Rc8 {[%emt 0:00:55]} 34. Kd3 {[%emt 0:00:16]} Kd6 {[%emt 0:05:25]} 35. g4 {[%emt 0:00:47]} Rd8 {[%emt 0:00:39]} 36. Ra6 {[%emt 0:00:12]} Rb8 {[%emt 0:00:40]} 37. Rh5 {[%emt 0:00:28]} Ke6 {[%emt 0:01:40]} 38. g3 {[%emt 0:00:21]} Kd6 {[%emt 0:00:14]} 39. Rh1 {[%emt 0:00:05]} Ke6 {[%emt 0:00:12]} 40. Re1 {[%emt 0:00:00]} Rd7 {[%emt 0:00:00]} 41. f3 {[%emt 0:00:27]} Kd6 {[%emt 0:03:20]} 42. e4 {[%emt 0:00:22]} dxe4+ {[%emt 0:00:13]} 43. fxe4 {[%emt 0:00:06]} Ke6 {[%emt 0:01:56]} 44. d5+ {[%emt 0:00:09]} Kd6 {[%emt 0:00:36]} 45. Rf1 {[%emt 0:00:04]} Rf7 {[%emt 0:00:52]} 46. Kd4 {[%emt 0:00:20]} Rbb7 {[%emt 0:01:10]} 47. Nc6 {[%emt 0:00:20]} Kd7 {[%emt 0:00:42]} 48. e5 {[%emt 0:00:19]} Rf8 {[%emt 0:01:58]} 49. e6+ {[%emt 0:00:43]} Kd6 {[%emt 0:00:34]} 50. e7 {[%emt 0:00:05]} Re8 {[%emt 0:01:50]} 51. Rxf6+ {[%emt 0:00:06]} Kd7 {[%emt 0:00:24]} 52. Ke5 {[%emt 0:00:08]} Rxe7+ {[%emt 0:05:01]} 53. Nxe7 {[%emt 0:00:05]} Kxe7 {[%emt 0:00:15]} 54. d6+ {[%emt 0:00:03]} Kd8 {[%emt 0:00:18]} 55. Ra8+ {[%emt 0:00:10]} Kd7 {[%emt 0:00:30]} 56. Kd5 {[%emt 0:00:13]} b4 {[%emt 0:00:13]} 57. Rf7# {[%emt 0:00:03]} 1-0

[Event "IIFL Wealth  4th Mumbai Junior U-13"]
[Site "Mumbai"]
[Date "2019.01.07"]
[Round "9"]
[White "Renganayaki V"]
[Black "Arhan Chethan Anand"]
[Result "1/2-1/2"]
[WhiteElo "1376"]
[BlackElo "1710"]
[Annotator "NA RC"]
[PlyCount "145"]
[EventDate "2018.12.30"]
[EventType "swiss"]
[EventCountry "IND"]
[SourceTitle "playchess.com"]
[Source "ChessBase"]
[SourceQuality "1"]
[TimeControl "40/5400+30:1800+30"]

1. d4 {[%emt 0:00:48]} d5 {[%emt 0:00:00]} 2. c4 {[%emt 0:00:13]} e6 {[%emt 0:00:00]} 3. Nc3 {[%emt 0:00:15]} c6 {[%emt 0:00:00]} 4. e3 {[%emt 0:01:16]} Nf6 {[%emt 0:00:00]} 5. Nf3 {[%emt 0:00:04]} Nbd7 {[%emt 0:00:25]} 6. Bd3 {[%emt 0:00:19]} dxc4 {[%emt 0:00:58]} 7. Bxc4 {[%emt 0:00:04]} Be7 {[%emt 0:00:37]} 8. O-O {[%emt 0:01:32]} O-O {[%emt 0:01:14]} 9. Re1 {[%emt 0:07:15]} b5 {[%emt 0:03:05]} 10. Bd3 {[%emt 0:00:31]} Bb7 {[%emt 0:01:12]} 11. e4 {[%emt 0:07:08]} a6 {[%emt 0:01:58]} 12. Bg5 {[%emt 0:05:21]} h6 {[%emt 0:06:55]} 13. Bf4 {[%emt 0:08:12]} Re8 {[%emt 0:07:24]} 14. e5 {[%emt 0:06:52]} Nd5 {[%emt 0:00:08]} 15. Nxd5 {[%emt 0:00:34]} cxd5 {[%emt 0:00:26]} 16. Bd2 {[%emt 0:04:49]} Qb6 {[%emt 0:09:09]} 17. Rc1 {[%emt 0:01:53]} Rec8 {[%emt 0:06:22]} 18. Qe2 {[%emt 0:04:48]} Nf8 {[%emt 0:01:48]} 19. Rxc8 {[%emt 0:03:23]} Rxc8 {[%emt 0:00:07]} 20. Rc1 {[%emt 0:00:19]} Rxc1+ {[%emt 0:07:44]} 21. Bxc1 {[%emt 0:00:29]} Qc7 {[%emt 0:00:31]} 22. Qc2 {[%emt 0:00:58]} Qxc2 {[%emt 0:05:42]} 23. Bxc2 {[%emt 0:01:05]} Nd7 {[%emt 0:00:43]} 24. b3 {[%emt 0:11:01]} Bd8 {[%emt 0:09:20]} 25. Kf1 {[%emt 0:02:34]} Bc7 {[%emt 0:01:57]} 26. Ke2 {[%emt 0:02:30]} f6 {[%emt 0:06:49]} 27. exf6 {[%emt 0:00:35]} Nxf6 {[%emt 0:01:37]} 28. Ne5 {[%emt 0:07:50]} Kf8 {[%emt 0:04:18]} 29. Ba3+ {[%emt 0:01:36]} Kg8 {[%emt 0:02:37]} 30. Ng6 {[%emt 0:05:29]} Nd7 {[%emt 0:07:04]} 31. f4 {[%emt 0:09:35]} a5 32. g3 {[%emt 0:01:48]} b4 {[%emt 0:07:47]} 33. Bb2 {[%emt 0:00:06]} Kf7 {[%emt 0:01:22]} 34. Ne5+ {[%emt 0:00:18]} Bxe5 {[%emt 0:01:11]} 35. fxe5 {[%emt 0:00:29]} Ba6+ {[%emt 0:00:15]} 36. Ke3 {[%emt 0:01:19]} Nb6 {[%emt 0:00:14]} 37. a3 {[%emt 0:01:34]} bxa3 {[%emt 0:01:04]} 38. Bxa3 {[%emt 0:00:04]} a4 {[%emt 0:00:20]} 39. Bc5 {[%emt 0:00:57]} axb3 {[%emt 0:00:23]} 40. Bxb3 {[%emt 0:00:00]} Nd7 {[%emt 0:00:00]} 41. Bd6 {[%emt 0:00:28]} Bb5 {[%emt 0:01:55]} 42. Bb4 {[%emt 0:01:19]} Nb8 {[%emt 0:01:16]} 43. Bc5 {[%emt 0:05:19]} Nc6 {[%emt 0:00:44]} 44. Kd2 {[%emt 0:05:19]} Na5 {[%emt 0:02:27]} 45. Kc3 {[%emt 0:01:29]} Nxb3 {[%emt 0:01:21]} 46. Kxb3 {[%emt 0:00:42]} Kg6 {[%emt 0:00:20]} 47. Kc3 {[%emt 0:04:15]} Kf5 {[%emt 0:01:21]} 48. Kd2 {[%emt 0:00:26]} Kg4 {[%emt 0:04:27]} 49. Ke3 {[%emt 0:00:37]} g5 {[%emt 0:03:33]} 50. Kf2 {[%emt 0:00:08]} Kh3 {[%emt 0:01:12]} 51. Kg1 {[%emt 0:00:06]} Bd3 {[%emt 0:00:45]} 52. Bb6 {[%emt 0:00:10]} g4 {[%emt 0:00:40]} 53. Bc5 {[%emt 0:00:07]} Bc4 {[%emt 0:00:05]} 54. Bb6 {[%emt 0:00:03]} Bb5 {[%emt 0:00:02]} 55. Ba7 {[%emt 0:00:05]} Ba6 {[%emt 0:00:04]} 56. Bb6 {[%emt 0:00:05]} Bb5 {[%emt 0:00:06]} 57. Bc5 {[%emt 0:00:03]} Be2 {[%emt 0:00:07]} 58. Bb6 {[%emt 0:00:04]} Ba6 {[%emt 0:00:06]} 59. Bc5 {[%emt 0:00:03]} Bd3 {[%emt 0:00:04]} 60. Bb6 {[%emt 0:00:07]} Be4 {[%emt 0:00:06]} 61. Bc5 {[%emt 0:00:05]} Bf3 {[%emt 0:00:48]} 62. Bb6 {[%emt 0:00:04]} Bg2 {[%emt 0:00:03]} 63. Bc5 {[%emt 0:00:04]} Be4 {[%emt 0:00:06]} 64. Bb6 {[%emt 0:00:06]} Bb1 {[%emt 0:00:03]} 65. Bc5 {[%emt 0:00:07]} Ba2 {[%emt 0:00:02]} 66. Bb6 {[%emt 0:00:05]} Bc4 {[%emt 0:00:04]} 67. Bc5 {[%emt 0:00:03]} Ba6 {[%emt 0:00:05]} 68. Ba7 Bd3 {[%emt 0:00:06]} 69. Bc5 {[%emt 0:00:08]} h5 {[%emt 0:00:03]} 70. Be7 {[%emt 0:00:12]} Bc4 {[%emt 0:00:17]} 71. Bf6 {[%emt 0:00:02]} Bd3 {[%emt 0:00:12]} 72. Be7 {[%emt 0:00:07]} Be4 {[%emt 0:00:10]} 73. Bf6 {[%emt 0:00:02]} 1/2-1/2

[Event "IIFL Wealth  4th Mumbai Junior U-13"]
[Site "Mumbai"]
[Date "2019.01.07"]
[Round "9"]
[White "Vaval Aaditi"]
[Black "Mahajan Ayush"]
[Result "1/2-1/2"]
[WhiteElo "1367"]
[BlackElo "1629"]
[Annotator "NA RC"]
[PlyCount "141"]
[EventDate "2018.12.30"]
[EventType "swiss"]
[EventCountry "IND"]
[SourceTitle "playchess.com"]
[Source "ChessBase"]
[SourceQuality "1"]
[TimeControl "40/5400+30:1800+30"]

1. e4 e5 {[%emt 0:14:27]} 2. d4 {[%emt 0:00:00]} exd4 {[%emt 0:00:10]} 3. Nf3 {[%emt 0:00:00]} Nc6 {[%emt 0:00:11]} 4. Bc4 {[%emt 0:00:03]} Bc5 {[%emt 0:00:05]} 5. c3 {[%emt 0:00:21]} Nf6 {[%emt 0:00:05]} 6. e5 {[%emt 0:01:09]} d5 {[%emt 0:01:42]} 7. Bb5 {[%emt 0:00:23]} Ne4 {[%emt 0:00:08]} 8. Nxd4 {[%emt 0:00:58]} O-O {[%emt 0:00:53]} 9. Bxc6 bxc6 {[%emt 0:00:10]} 10. O-O {[%emt 0:00:43]} Ba6 {[%emt 0:03:38]} 11. Re1 {[%emt 0:02:34]} f6 {[%emt 0:07:26]} 12. e6 {[%emt 0:12:28]} Re8 {[%emt 0:18:39]} 13. f3 {[%emt 0:13:04]} Ng5 {[%emt 0:00:28]} 14. Bxg5 {[%emt 0:00:06]} fxg5 {[%emt 0:00:11]} 15. Kh1 {[%emt 0:00:35]} Bxd4 {[%emt 0:00:22]} 16. Qxd4 {[%emt 0:00:28]} Qf6 {[%emt 0:01:30]} 17. Qa4 {[%emt 0:12:59]} Rxe6 {[%emt 0:00:51]} 18. Nd2 {[%emt 0:00:24]} Bb5 {[%emt 0:00:21]} 19. Qg4 {[%emt 0:00:47]} Rae8 {[%emt 0:00:16]} 20. Red1 {[%emt 0:03:36]} Qe5 {[%emt 0:03:53]} 21. h3 {[%emt 0:01:04]} Qf4 {[%emt 0:17:53]} 22. Qxf4 {[%emt 0:01:23]} gxf4 {[%emt 0:00:07]} 23. Nb3 {[%emt 0:00:33]} Re2 {[%emt 0:00:26]} 24. Rab1 {[%emt 0:00:46]} Ba4 {[%emt 0:00:20]} 25. Rd4 {[%emt 0:00:42]} Bxb3 {[%emt 0:01:51]} 26. axb3 {[%emt 0:00:10]} g5 {[%emt 0:00:05]} 27. Ra4 {[%emt 0:00:26]} Ra8 {[%emt 0:16:11]} 28. Ra6 {[%emt 0:00:20]} Re6 {[%emt 0:00:07]} 29. Rba1 {[%emt 0:01:58]} Kf7 {[%emt 0:00:23]} 30. Rxa7 {[%emt 0:00:19]} Re1+ {[%emt 0:00:22]} 31. Rxe1 {[%emt 0:00:10]} Rxa7 {[%emt 0:00:05]} 32. Kg1 {[%emt 0:00:26]} h6 {[%emt 0:03:09]} 33. b4 {[%emt 0:00:19]} Ra2 {[%emt 0:04:55]} 34. Re2 {[%emt 0:00:32]} Ra1+ {[%emt 0:00:39]} 35. Kf2 {[%emt 0:00:12]} Rh1 {[%emt 0:00:34]} 36. Rd2 {[%emt 0:04:06]} h5 {[%emt 0:01:32]} 37. Re2 {[%emt 0:00:33]} Rd1 {[%emt 0:00:20]} 38. Rc2 {[%emt 0:00:49]} Rd3 {[%emt 0:00:12]} 39. Ke2 {[%emt 0:00:47]} Re3+ {[%emt 0:00:10]} 40. Kf2 {[%emt 0:00:00]} Kf6 {[%emt 0:00:00]} 41. Rd2 {[%emt 0:02:27]} Kf5 {[%emt 0:01:35]} 42. b5 {[%emt 0:01:36]} cxb5 {[%emt 0:04:47]} 43. Rxd5+ {[%emt 0:00:14]} Re5 {[%emt 0:00:02]} 44. Rd7 {[%emt 0:01:14]} c5 {[%emt 0:00:10]} 45. Rb7 {[%emt 0:06:11]} c4 {[%emt 0:00:41]} 46. Rb6 {[%emt 0:00:55]} Rd5 {[%emt 0:02:43]} 47. Ke2 {[%emt 0:00:33]} g4 {[%emt 0:00:40]} 48. hxg4+ {[%emt 0:00:24]} hxg4 {[%emt 0:00:04]} 49. Rb8 {[%emt 0:04:26]} Re5+ {[%emt 0:01:04]} 50. Kd2 {[%emt 0:01:28]} gxf3 {[%emt 0:06:16]} 51. gxf3 {[%emt 0:00:23]} Kg5 {[%emt 0:00:08]} 52. Rg8+ {[%emt 0:00:22]} Kh6 {[%emt 0:03:22]} 53. Rg4 {[%emt 0:00:35]} Rf5 54. Kc2 Kh5 55. b3 cxb3+ 56. Kxb3 Kh6 57. Kb4 Kh5 58. Rg8 Kh4 59. Rg4+ Kh5 60. c4 bxc4 61. Kxc4 Kh6 62. Kd4 Kh5 63. Ke4 Ra5 64. Rxf4 Ra1 65. Rf8 Re1+ 66. Kf5 Kh4 67. f4 Kg3 68. Rg8+ Kf3 69. Rh8 Rf1 70. Rh3+ Kg2 71. Ra3 1/2-1/2